| 000 | 00831nam a2200193 a 4500 | ||
|---|---|---|---|
| 001 | 001183233 | ||
| 003 | AM-YeHGA | ||
| 005 | 20250617152742.0 | ||
| 008 | 161019s1977 ru 000 0 rus d | ||
| 040 | _aAM-YeHGA | ||
| 041 | 0 | _arus | |
| 100 | 1 | _aБусырев, Александр Иванович | |
| 245 | 1 | 0 |
_aКавитационные и эрозионные испытания радиально-осевых гидротурбин : _bУчебное пособие / _cА.И. Бусырев; Ленингр. политехн. ин-т им. М. И. Калинина. |
| 260 |
_aЛенинград : _bБ. и., _c1977. |
||
| 300 | _a38 с. | ||
| 650 | 1 | 4 | _aГидротурбины |
| 710 | 2 | _aЛенинградский политехнический институт им. М.И. Калинина | |
| 090 | _c378790 | ||
| 999 |
_c376880 _d376880 |
||